LEADER 01772oam 2200505 a 450 001 9910702197003321 005 20120910103226.0 035 $a(CKB)5470000002424164 035 $a(OCoLC)809537673 035 $a(EXLCZ)995470000002424164 100 $a20120910d1985 ua 0 101 0 $aeng 135 $aurbn||||||||| 181 $ctxt$2rdacontent 182 $cc$2rdamedia 183 $acr$2rdacarrier 200 10$aVector computer memory bank contention$b[electronic resource] /$fDavid H. Bailey 210 1$aPalo Alto, Calif. :$cInformatics General Corp. ;$aMoffett Field, Calif. :$cNational Aeronautics and Space Administration, Ames Research Center,$d[1985] 215 $a1 online resource (13 pages) $cillustrations 225 1 $aNASA contractor report ;$vCR-177342 300 $aTitle from title screen (viewed on Sept. 10, 2012). 300 $a"February 1985." 320 $aIncludes bibliographical references (pages 9-10). 606 $aCentral processing units$2nasat 606 $aChips (memory devices)$2nasat 606 $aComputer storage devices$2nasat 606 $aComputer systems performance$2nasat 606 $aMemory (computers)$2nasat 606 $aSupercomputers$2nasat 615 7$aCentral processing units. 615 7$aChips (memory devices) 615 7$aComputer storage devices. 615 7$aComputer systems performance. 615 7$aMemory (computers) 615 7$aSupercomputers. 700 $aBailey$b David H$060779 712 02$aInformatics General Corporation. 712 02$aAmes Research Center. 801 0$bGPO 801 1$bGPO 801 2$bGPO 906 $aBOOK 912 $a9910702197003321 996 $aVector computer memory bank contention$93525671 997 $aUNINA